ბათუმის შოთა რუსთაველის სახელმწიფო უნივერსიტეტის ბიბლიოთეკა

Краткий справочник по удобрениям (ბიბ.ჩანაწერი № 46099)

000 -LEADER
fixed length control field 00598nam a2200205Ia 4500
001 - CONTROL NUMBER
control field 12930
003 - CONTROL NUMBER IDENTIFIER
control field GE_BSU
008 - FIXED-LENGTH DATA ELEMENTS--GENERAL INFORMATION
fixed length control field 181216s||||||||xx |||||||||||||| ||und||
040 ## - CATALOGING SOURCE
Transcribing agency GE_BSU
080 ## - UNIVERSAL DECIMAL CLASSIFICATION NUMBER
Universal Decimal Classification number 631.8(035)
100 ## - MAIN ENTRY--PERSONAL NAME
Personal name Артюшин,А.Н. Державин,Л.М.
245 ## - TITLE STATEMENT
Title Краткий справочник по удобрениям
250 ## - EDITION STATEMENT
Edition statement 2-ое дополн.и перераб.
260 ## - PUBLICATION, DISTRIBUTION, ETC.
Place of publication, distribution, etc. Москва
260 ## - PUBLICATION, DISTRIBUTION, ETC.
Name of publisher, distributor, etc. Колос
260 ## - PUBLICATION, DISTRIBUTION, ETC.
Date of publication, distribution, etc. 1984
300 ## - PHYSICAL DESCRIPTION
Extent 208стр.20см.
653 ## - INDEX TERM--UNCONTROLLED
Uncontrolled term Краткий справочник по удобрениям
942 ## - ADDED ENTRY ELEMENTS (KOHA)
Koha item type წიგნი
ეგზემპლარები
Withdrawn status Lost status Damaged status Not for loan Date acquired Barcode Date last seen Price effective from Koha item type
        2018-12-17 20894 2018-12-17 2018-12-17 წიგნი
        2018-12-17 20895 2018-12-17 2018-12-17 წიგნი